zpět

Detail výsledku týmu

Limbo, Brno

Datum a čas kvízu

19 Celkem bodů Celkový počet nahraných bodů na tomto kvízu bez doplňovacích otázek.
4. Pořadí na kvízu Konečné umístění týmu na tomto kvízu.

Zaznamenané odpovědi

# Otázka Odpověď Body Výsledky
1. Premiér Babiš minulý týden ozn... Karel Havlíček, Vladimír Kremlík 0
2. Britská premiérka Mayová souhl... 31. října 0
3. Australský herec vyhrál soudní... Geoffrey Rush 0
4. Strakonická firma, specializuj... Moira 0
5. Bývalý kapitán reprezentace On... ve volejbale 1
6. V tomto tématu se podíváme na... Všechno bude, Zelená kniha 0.5
5. V roce 1984 natočil režisér Wi... Paříž, Texas 0
8. Komediální road movie Pařba ve... Vo štvorici po opici 0
5. Jak se jmenuje komediální road... Blbý a blbější 1
10. Jistou formou road movies jsou... v Argentině 1